Public finance (Record no. 1407)
[ view plain ]
| 000 -LEADER | |
|---|---|
| Fixed length control field | 00438nam a2200169 4500 |
| 003 - CONTROL NUMBER IDENTIFIER | |
| Control field | SEACOMEC |
| 005 - DATE AND TIME OF LATEST TRANSACTION | |
| Control field | 20240713135049.0 |
| 008 - FIXED-LENGTH DATA ELEMENTS--GENERAL INFORMATION | |
| Fixed length control field | 240713b |||||||| |||| 00| 0 eng d |
| 020 ## - INTERNATIONAL STANDARD BOOK NUMBER / ISBN | |
| International Standard Book Number | 9788125925309 |
| Price | 225.00 |
| 040 ## - CATALOGING SOURCE | |
| Original cataloging agency | SEACOMEC |
| 082 ## - DEWEY DECIMAL CLASSIFICATION NUMBER | |
| Classification number | 336 |
| Book Number | B575 |
| 100 ## - MAIN ENTRY--PERSONAL NAME | |
| Personal name | Bhatia, H L |
| 245 ## - TITLE STATEMENT | |
| Title | Public finance |
| Statement of responsibility | /H L Bhatia |
| 260 ## - IMPRINT | |
| Place of publication | New Delhi: |
| Name of publisher | Vikas Publishing House |
| Date of publication | 2006 |
| 650 ## - SUBJECT ADDED ENTRY--TOPICAL TERM | |
| Topical term | PUBLIC FINANCE, FINANCE |
| 942 ## - ADDED ENTRY ELEMENTS (KOHA) | |
| Koha item type | Books |
| Withdrawn status | Lost status | Source of classification | Damaged status | Not for loan | Home library | Current library | Date acquired | Total Checkouts | Call number | Accession number | Date last seen | Price effective from | Koha item type | Copy number |
|---|---|---|---|---|---|---|---|---|---|---|---|---|---|---|
| Dewey Decimal Classification | SEACOM ENGINEERING COLLEGE | SEACOM ENGINEERING COLLEGE | 20/02/2007 | 336 B575 | 6020 | 13/07/2024 | 13/07/2024 | Reference Books | ||||||
| Dewey Decimal Classification | SEACOM ENGINEERING COLLEGE | SEACOM ENGINEERING COLLEGE | 13/07/2024 | 336 B575 | 6021 | 13/07/2024 | 13/07/2024 | Books | 1 | |||||
| Dewey Decimal Classification | SEACOM ENGINEERING COLLEGE | SEACOM ENGINEERING COLLEGE | 13/07/2024 | 336 B575 | 6022 | 13/07/2024 | 13/07/2024 | Books | 2 | |||||
| Dewey Decimal Classification | SEACOM ENGINEERING COLLEGE | SEACOM ENGINEERING COLLEGE | 13/07/2024 | 336 B575 | 6023 | 13/07/2024 | 13/07/2024 | Books | 3 | |||||
| Dewey Decimal Classification | SEACOM ENGINEERING COLLEGE | SEACOM ENGINEERING COLLEGE | 13/07/2024 | 336 B575 | 6024 | 13/07/2024 | 13/07/2024 | Books | 4 |
